Gli affreschi del Chiostro Verde /
Descripción Física:
2 làmines : il. col. ; 35 cm
Materias:
Uccello, Paolo, -- 1397-1475 -- Obres. Seleccions
; Fons Joan Junyer i Pascual (1909-1994)
Idioma:
Italian
MARC
| LEADER | 00000nam a22000007a 4500 | ||
|---|---|---|---|
| 001 | 24836 | ||
| 003 | AGDB | ||
| 005 | 20260324181534.0 | ||
| 008 | 251003b it ||||| |||| 00| 0 ita d | ||
| 100 | |a Uccello, Paolo, |d 1397-1475 |9 72411 | ||
| 245 | |a Gli affreschi del Chiostro Verde / |c Uccello | ||
| 260 | |a Milano : |b Valentino Bompiani , |c 1946 | ||
| 300 | |a 2 làmines : |b il. col. ; |c 35 cm | ||
| 500 | |a Prové del fons Joan Junyer i Pascual (1909-1994) | ||
| 500 | |a Serie di tavole a colori della rivista "Civiltà" | ||
| 600 | 0 | |a Uccello, Paolo, |d 1397-1475 |9 72411 |x Obres. Seleccions | |
| 650 | |a Fons Joan Junyer i Pascual (1909-1994) |9 72777 | ||
| 942 | |2 udc |c ARXIU |n 1 | ||
| 952 | |0 0 |1 0 |2 udc |4 0 |6 F5049 |7 1 |9 98388 |a Arxiu |b Arxiu |d 2025-10-03 |l 0 |o F-504-9 |p 24836 |r 2025-10-03 12:27:34 |w 2025-10-03 |y ARXIU | ||
| 999 | |c 130142 |d 130142 | ||